=LDR 00000nam 2200000 4500 =001 INLIS000000000060499 =005 20220214074849 =035 ##$$a 0010-0222000053 =007 ta =008 220214###########################0#ind## =020 ##$$a tidak Teridentifikasi =082 ##$$a 336.026 =084 ##$$a 336.026 Ind p =245 ##$$a Peraturan Pemerintah RI No. 7 Th 2008 Ttg Dekonsentrasi dan Tugas Pembantuan /$c Indonesia =300 ##$$a 91 halaman ; $c 18 cm =650 #4$$a Keuangan Negara - Undang2 dan Peraturan =264 ##$$a Jakarta :$b Direktorat. Dekonsentarsi & Kerjasama Ditjen.Pemerintahan Umum,$c 2008 =336 ##$$a teks$2 rdacontent =337 ##$$a lain-lain$2 rdamedia =338 ##$$a lain-lain$2 rdacarrier =990 ##$$a 05650565